Egyszer volt, hol nem volt a popkultúra az Alumni Uni-Tudásműhely ismeretterjesztő előadása a popkultúra sokszínűségéről /
Elmentve itt :
| Szerző: | |
|---|---|
| További közreműködők: | |
| Dokumentumtípus: | Cikk |
| Megjelent: |
2026-04-20
|
| Sorozat: | SZTE Info
|
| Kulcsszavak: | SZTE Alma Mater, Rendezvénysorozat - Alumni Uni-Tudásműhely, Előadás - "Egyszer volt, hol nem volt a popkultúra", Ismeretterjesztés, Baráth Katalin - egyetemi adjunktus, Jelenkortörténeti Tanszék, Történeti Intézet, Dunai Tamás - egyetemi adjunktus, Kommunikáció- és Médiatudományi Tanszék, Társadalomtudományi Intézet, Bölcsészet- és Társadalomtudományi Kar - BTK, Lovász Andrea - mese és gyerekirodalom terapeuta, Café Radnóti |
| Online Access: | http://univ.bibl.u-szeged.hu/77267 |
| LEADER | 01351nab a2200181 i 4500 | ||
|---|---|---|---|
| 001 | univ77267 | ||
| 005 | 20260421123336.0 | ||
| 008 | 260421s2026 hu o 000 hun d | ||
| 040 | |a SZTE UnivHistória Repozitórium |b hun | ||
| 041 | |a hun | ||
| 100 | 1 | |a Bús Anna | |
| 245 | 1 | 0 | |a Egyszer volt, hol nem volt a popkultúra |h [elektronikus dokumentum] : |b az Alumni Uni-Tudásműhely ismeretterjesztő előadása a popkultúra sokszínűségéről / |c Bús Anna |
| 260 | |c 2026-04-20 | ||
| 490 | 0 | |a SZTE Info | |
| 561 | |a Egyetemi hirarchívum | ||
| 695 | |a SZTE Alma Mater, Rendezvénysorozat - Alumni Uni-Tudásműhely, Előadás - "Egyszer volt, hol nem volt a popkultúra", Ismeretterjesztés, Baráth Katalin - egyetemi adjunktus, Jelenkortörténeti Tanszék, Történeti Intézet, Dunai Tamás - egyetemi adjunktus, Kommunikáció- és Médiatudományi Tanszék, Társadalomtudományi Intézet, Bölcsészet- és Társadalomtudományi Kar - BTK, Lovász Andrea - mese és gyerekirodalom terapeuta, Café Radnóti | ||
| 700 | 0 | 1 | |a Móró Bianka |
| 856 | 4 | 0 | |u http://univ.bibl.u-szeged.hu/77267/1/Szegedi%20Tudom%C3%A1nyegyetem%20_%20Egyszer%20volt%2C%20hol%20nem%20volt%20a%20popkult%C3%BAra-%20Az%20Alumni%20Uni-Tud%C3%A1sm%C5%B1hely%20ismeretterjeszt%C5%91%20el%C5%91ad%C3%A1sa%20a%20popkult%C3%BAra%20soksz%C3%ADn%C5%B1s%C3%A9g%C3%A9r%C5%91l.pdf |z Dokumentum-elérés |